00457nam a22001577a 4500008004100000020001500041050002600056100002100082245005700103250001200160260003200172300001300204650002800217650003300245650002100278210702b xxu||||| |||| 00| 0 eng d a0749467142 aHF5719b.F67 2013 c.1 aForsyth, Patrick aHow to write reports and proposals cPatrick Forsyth a3rd ed. aNew DelhibKoganpage c2013 ax, 138p. aBusiness report writing aProposal writing in business aBusiness writing